| 000 | 00684nam a2200217Ia 4500 | ||
|---|---|---|---|
| 008 | 150520s9999 xx 000 0 und d | ||
| 050 | _aBF 1 | ||
| 050 | _b.B815 2015 | ||
| 100 | _aBrambilla, Michael Anotnio L. | ||
| 245 | _aWork values and self-concept profile of BS psychology alumni of southville international school and colleges / | ||
| 245 | _cMichael Antonio L. Brambilla. | ||
| 260 | _aLas PiƱas, Philippines : | ||
| 260 | _bSISC, | ||
| 260 | _c2015. | ||
| 300 | _a100 pages : | ||
| 300 | _billustrations (some color) ; | ||
| 300 | _c28 cm. | ||
| 500 | _aIncludes bibliographical references and appendices. | ||
| 650 | _aSelf-concept | ||
| 650 | _aWork values | ||
| 999 |
_c284112 _d284112 |
||